Land administration infrastructure for sustainable development (Record no. 69112)
[ view plain ]
| 000 -LEADER | |
|---|---|
| fixed length control field | 01993cam a2200301 4500 |
| 001 - CONTROL NUMBER | |
| control field | ABS64905 |
| 008 - FIXED-LENGTH DATA ELEMENTS--GENERAL INFORMATION | |
| fixed length control field | 011213n2001 000 0 eng u |
| 035 ## - SYSTEM CONTROL NUMBER | |
| System control number | (Sirsi) u115996 |
| 100 ## - MAIN ENTRY--PERSONAL NAME | |
| Personal name | Enemark, S |
| 245 ## - TITLE STATEMENT | |
| Title | Land administration infrastructure for sustainable development |
| 260 ## - PUBLICATION, DISTRIBUTION, ETC. | |
| Date of publication, distribution, etc. | 2001 |
| 490 ## - SERIES STATEMENT | |
| Series statement | Property Management |
| Volume/sequential designation | 19(5) 2001, 366-383(18) |
| 520 ## - SUMMARY, ETC. | |
| Summary, etc. | This paper presents a global model for understanding land administration systems in support of sustainable development. The evolution of these systems is presented as a response to the dynamic relation between humankind and land. The Nordic evolution is described with a focus that any land administration system is embedded in the cultural and judicial setting of the individual country/jurisdiction. The issue of spatial information infrastructure is recognised as an increasingly important component for achieving sustainable development in developed as well as developing countries. The paper discusses the conceptual, political and economic mechanisms, and examples are given with regard to the Danish conceptual approach to this area. Finally, the paper deals with the issue of decentralisation and the impact of central versus local government in land management in support of sustainable development. It is argued that competencies should rest with the lowest possible level of jurisdiction so as to combine responsibility for decision making with accountability for financial and environmental consequences. [TAKEN FROM JOURNAL HEADNOTE] References. Tables. Diagrams. |
| 590 ## - LOCAL NOTE (RLIN) | |
| Local note | ABS |
| 650 ## - SUBJECT ADDED ENTRY--TOPICAL TERM | |
| Topical term or geographic name entry element | SUSTAINABLE DEVELOPMENT |
| 650 ## - SUBJECT ADDED ENTRY--TOPICAL TERM | |
| Topical term or geographic name entry element | LAND MANAGEMENT |
| 650 ## - SUBJECT ADDED ENTRY--TOPICAL TERM | |
| Topical term or geographic name entry element | GIS |
| 650 ## - SUBJECT ADDED ENTRY--TOPICAL TERM | |
| Topical term or geographic name entry element | GIS |
| 650 ## - SUBJECT ADDED ENTRY--TOPICAL TERM | |
| Topical term or geographic name entry element | LAND ADMINISTRATION |
| 650 ## - SUBJECT ADDED ENTRY--TOPICAL TERM | |
| Topical term or geographic name entry element | NORDIC COUNTRIES |
| 650 ## - SUBJECT ADDED ENTRY--TOPICAL TERM | |
| Topical term or geographic name entry element | MANAGEMENT-BUSINESS MANAGEMENT-INFORMATION MANAGEMENT |
| 650 ## - SUBJECT ADDED ENTRY--TOPICAL TERM | |
| Topical term or geographic name entry element | GLOBALISATION |
| 650 ## - SUBJECT ADDED ENTRY--TOPICAL TERM | |
| Topical term or geographic name entry element | SPATIAL INFORMATION |
| 650 ## - SUBJECT ADDED ENTRY--TOPICAL TERM | |
| Topical term or geographic name entry element | Land use |
| 9 (RLIN) | 6251 |
| 650 ## - SUBJECT ADDED ENTRY--TOPICAL TERM | |
| Topical term or geographic name entry element | DENMARK |
| 690 ## - LOCAL SUBJECT ADDED ENTRY--TOPICAL TERM (OCLC, RLIN) | |
| Topical term or geographic name as entry element | Geomatics |
| 9 (RLIN) | 6242 |
| 942 ## - ADDED ENTRY ELEMENTS (KOHA) | |
| Suppress in OPAC | 0 |
| Withdrawn status | Lost status | Source of classification or shelving scheme | Damaged status | Not for loan | Home library | Current library | Shelving location | Date acquired | Total Checkouts | Full call number | Barcode | Date last seen | Copy number | Price effective from | Koha item type |
|---|---|---|---|---|---|---|---|---|---|---|---|---|---|---|---|
| Dewey Decimal Classification | London | London | Journal article | 13/12/2001 | ABS64905 | 115996-1001 | 06/08/2019 | 1 | 06/08/2019 | Journal article |